Samočinná kontrola rozměrů výrobků
| Main Author: | |
|---|---|
| Other Authors: | |
| Format: | Book |
| Language: | Undetermined Czech Russian |
| PhysicalDescription: | 114 s. |
| Published: |
Praha
Státní nakl. tech. lit.
1963
|
| Edition: | 1. vyd. |
| Series: | Knižnice automatizace
Řada elektrotechn. lit. |
| Subjects: |
MARC
| LEADER | 00000cam a2200000 a 4500 | ||
|---|---|---|---|
| 001 | vtls001467321 | ||
| 003 | SK-MaSNL | ||
| 005 | 20260301203551.0 | ||
| 008 | 240314s1963 xx 0 und | ||
| 035 | |a SNK000422626 | ||
| 040 | |a SNK |b slo |c SNK |e AACR2 | ||
| 041 | |a cze |h rus | ||
| 044 | |a xr |c CZ | ||
| 080 | |a 621 |2 2011 | ||
| 100 | 1 | |a Majzel, Leonid Maksovič |4 aut |9 587204 | |
| 245 | 1 | 0 | |a Samočinná kontrola rozměrů výrobků |c Leonid Maksovič Majzel; [z rus. orig. Avtomatičeskij kontrol' razmerov izdelij přel. Václav Heisler] |
| 250 | |a 1. vyd. | ||
| 260 | |a Praha |b Státní nakl. tech. lit. |c 1963 | ||
| 300 | |a 114 s. | ||
| 490 | 1 | |a Knižnice automatizace | |
| 490 | 1 | |a Řada elektrotechn. lit. | |
| 650 | 0 | 7 | |a strojárstvo |2 SNKPH |9 674 |
| 700 | 1 | |a Heisler, Václav 4 trl |9 587205 | |
| 830 | 0 | |a Knižnice automatizace |9 286943 | |
| 830 | 0 | |a Řada elektrotechn. lit. |9 286661 | |
| 852 | |a Štátna vedecká knižnica v Banskej Bystrici | ||
| 958 | |a OND | ||
| 999 | |c 903045 |d 904975 | ||
| 952 | |t P60, <04>, [BOOK], {604} |a SNK |b SNK |y VYP |7 0 |p 17A0409310 |o snkID 35502 |i snkKIP 63/64 |0 0 |1 0 |4 0 |d 2004-01-29 |l 0 |r 2005-01-02 00:00:00 |w 2026-02-24 | ||


